| 000 | 00626nam a2200265Ia 4500 | ||
|---|---|---|---|
| 008 | 160803s9999 xx 000 0 und d | ||
| 020 | _a978-0439837804 | ||
| 100 | _aStine, R.L | ||
| 245 | _aDeep trouble / | ||
| 245 | _cR.L. Stine. | ||
| 260 | _aNew York : | ||
| 260 | _bScholastic Inc. | ||
| 260 | _c1994 | ||
| 300 | _a117 pages ; | ||
| 300 | _c20 cm. | ||
| 440 | _aGoosebumps original series ; | ||
| 440 | _v# 58 | ||
| 650 | _aHorror stories. | ||
| 650 | _aHorror tales. | ||
| 650 | _aMermaids -- | ||
| 650 | _aMermaids -- | ||
| 650 | _xFiction. | ||
| 650 | _xJuvenile fiction. | ||
| 700 | _a470 | ||
| 999 |
_c298682 _d298682 |
||